000 00821nam a2200277 a 4500
999 _c9814
_d9814
001 9814
003 BD-JhCC
005 20180401173822.0
008 180401s2001 bg 000 0 eng d
020 _a984074125x
035 _a(BD-JhCC)9814
040 _aBD-JhCC
_cDLC
_dBD-JhCC
041 1 _aengben
050 4 _aMLCS 2001/00054 (P)
050 4 _aPK1730.22.O6
082 _a891.4415
_bSEL 2001
100 1 _aGuṇa, Nirmalendu.
245 1 0 _aSelected poems of Nirmalendu Goon /
_cedited with an introduction by Khondakar Ashraf Hossain.
260 _aDhaka :
_bBangla Academy,
_c2001.
300 _a152 p ;
_c22 cm.
650 0 _aBengali poetry
_vTranslations into English.
700 1 _aHosena, Khondakāra Āśarāpha
710 2 _aBāṃlā Ekāḍemī (Bangladesh)
942 _2ddc
_cBK